Catalog

Record Details

Catalog Search



Teorie o nerovnocennosti lidských ras ; Co život přinášel ; Po první světové válce ; Nebezpečí / biskup Gorazd Pavlík ; [předmluva a přepis z originálu Pavel Aleš ; doslov a anglické resumé Roman Juriga]

Gorazd II., biskup, 1879-1942 (Author). Aleš, Pavel (Author of introduction, etc.). Juriga, Roman (Author of introduction, etc.).

Summary:

Čtyři pojednání pravoslavného biskupa sledují dějinné události a stav společnosti od r.1918 do r.1940.

Record details

  • Physical Description: 188 s. : il.
  • Publisher: Vilémov : Pravoslavná akademie, 1999

Content descriptions

General Note:
Anglické resumé
Obsahuje frontispis a fotografie

Available copies

  • 1 of 1 copy available at Common Catalog SPOK.

Holds

  • 0 current holds with 1 total copy.
Show Only Available Copies
Location Call Number / Copy Notes Barcode Shelving Location Status Due Date
Terezin Initiative Institute 4046 4594304046 Knihovna ITI Available -

LDR 01201nam a2200313 a 4500
00127170
003CZ-PrJAB
00520220904050349.0
008990805s1999 xr gr | 0 cze
015 . ‡acnb000738672
035 . ‡a(CONS)1988
035 . ‡a(CZ PrSKC)2640049123
040 . ‡aOSA001 ‡bcze
080 . ‡a23/25 ‡2MRF-sel
080 . ‡a32 ‡2MRF-sel
080 . ‡a327.2 ‡2MRF-sel
1000 . ‡aGorazd ‡bII., ‡cbiskup, ‡d1879-1942 ‡7jn19981001349 ‡4aut
24510. ‡aTeorie o nerovnocennosti lidských ras ; ‡bCo život přinášel ; Po první světové válce ; Nebezpečí / ‡cbiskup Gorazd Pavlík ; [předmluva a přepis z originálu Pavel Aleš ; doslov a anglické resumé Roman Juriga]
260 . ‡aVilémov : ‡bPravoslavná akademie, ‡c1999
300 . ‡a188 s. : ‡bil.
500 . ‡aAnglické resumé
500 . ‡aObsahuje frontispis a fotografie
5209 . ‡aČtyři pojednání pravoslavného biskupa sledují dějinné události a stav společnosti od r.1918 do r.1940.
7001 . ‡aAleš, Pavel ‡4aui
7001 . ‡aJuriga, Roman ‡4aui
74002. ‡aCo život přinášel
74002. ‡aPo první světové válce
74002. ‡aNebezpečí
8524 . ‡bJACH-ITI ‡bJACH-ITI ‡cKnihovna ITI ‡j4046 ‡p4046 ‡y$0.00
910 . ‡aABE340 ‡b4046
995 . ‡askok
901 . ‡a27170 ‡bSystem ‡c27170 ‡tbiblio

Additional Resources